000 00325nam a2200145Ia 4500
008 240830s1901 xx 000 0 und d
041 _aeng
082 _a0 RAJ
100 _aRAJAN R.
245 _aENDOMETRIOSIS AND INFERTILITY
260 _bN.D.
_c1901
650 _aSTRI-ROG
906 _aN.D.
999 _c1195022
_d1195022